| 000 | 00646 a2200181 4500 | ||
|---|---|---|---|
| 020 | _a0074707035 | ||
| 040 |
_aDLC _bDLC |
||
| 082 | _a658.45 | ||
| 100 | _aWindschuttle, Keith. | ||
| 245 |
_aWriting, researching, communicating : communication skills for the information age _cKeith Windschuttle, Elizabeth Elliott. |
||
| 250 | _a3rd ed. | ||
| 260 |
_aBoston : _bMcGraw Hill Higher Education, _c2000. |
||
| 300 |
_axvii, 596 p. : _bill. ; _c24 cm. |
||
| 500 | _aIncludes Index. | ||
| 650 | _a1.Communication in management. 2.Commercial correspondence. 3.Business report writing. | ||
| 700 | _aElliott, Elizabeth. | ||
| 942 |
_cBK _k658.45 WIN _2ddc |
||
| 999 |
_c8805 _d8805 |
||